| 000 | 00922 aa a2200217 4500 | ||
|---|---|---|---|
| 005 | 20120614124252.0 | ||
| 010 | _a | ||
| 020 |
_a8185829551 _c120.00 |
||
| 035 | _aA-803449 | ||
| 037 | _bD.B.Act / pub | ||
| 082 | _a613 | ||
| 100 |
_aजौहरी, के.एन. _949059 |
||
| 245 |
_aहम स्वस्थ कैसे रहें / _cके.एन.जौहरी |
||
| 246 |
_aHum Swastha kaise rahen _bby K.N.Johri |
||
| 260 |
_aदिल्ली _bज्ञान गंगा _c1996 |
||
| 270 |
_a205-सी चावड़ी बाजार _bदिल्ली _e110006 |
||
| 300 |
_a137पृ _c22 सेमी (सजिल्द) |
||
| 500 | _aसन 2002में आई हुई है | ||
| 942 |
_adpl _cHN _k613 / जौहरी _2ddc _h613 _mजौहरी |
||
| 999 |
_c67915 _d67915 |
||